000 00738nam a2200241 a 4500
008
020 _a0750694327 (hbk. )
049 _aMAIN
090 _aTK7868.P7 SCH.
100 1 _aScheiber, Stephen F.
245 1 0 _aBuilding a successful board-test strategy /
_cStephen F. Scheiber.
260 _aBoston :
_bButterworth-Heinemann,
_c1995.
300 _aix, 286 p. :
_bill. ;
_c25 cm.
500 _aIncludes index.
504 _aIncludes bibliographical references.
650 0 _aPrinted circuits
_xTesting.
730 0 _aTest & measurement world.
907 _a.b10149570
_b10-05-07
_c28-01-05
003
005 20230123133916.0
040 _cNUST
942 _cBOOKS
_kTK7868.P7 SCH.
999 _c156715
_d156715